Estatísticas para Os 15 principais países com mortes por Covid19 - 16 de maio

Clique aqui para jogar o quiz

Estatísticas Gerais

  • Esse quiz foi jogado 2 vezes
  • A pontuação média é 11 de 21

Estatísticas das Respostas

país% Correto
Brasil
100%
Canadá
100%
China
100%
Estados Unidos
100%
Itália
100%
México
100%
Alemanha
50%
Bélgica
50%
Equador
50%
Espanha
50%
França
50%
Irão
50%
Países Baixos
50%
Portugal
50%
Reino Unido
50%
Suíça
50%
Dinamarca
0%
Irlanda
0%
Suécia
0%
Suécia
0%
Turquia
0%

Distribuição das Pontuações

Percentil de Números Respondidos

Porcentagem de Pessoas com Cada Pontuação

Sua Pontuação Histórica

Você não jogou esse quiz